Statistics for Top 20 Highest Paid MLB Players of 2011

Click here to take the quiz!

General Stats

  • This quiz has been taken 1,636 times
    (1,634 since last reset)
  • The average score is 9 of 20

Answer Stats

SalaryTeamPlayer% Correct
$ 32,000,000YankeesAlex Rodriguez
97%
$ 20,000,000PhilliesRyan Howard
71%
$ 23,000,000TwinsJoe Mauer
68%
$ 20,000,000TigersMiguel Cabrera
68%
$ 24,285,714YankeesCC Sabathia
66%
$ 20,000,000PhilliesRoy Halladay
58%
$ 23,125,000YankeesMark Teixeira
57%
$ 19,000,000AstrosCarlos Lee
57%
$ 21,644,707MetsJohan Santana
52%
$ 18,000,000MarinersIchiro Suzuki
46%
$ 20,275,000RockiesTodd Helton
43%
$ 19,000,000CubsAlfonso Soriano
42%
$ 19,325,436MetsCarlos Beltran
34%
$ 18,500,000AngelsTorii Hunter
28%
$ 17,000,000Red SoxJosh Beckett
25%
$ 26,187,500AngelsVernon Wells
22%
$ 18,875,000CubsCarlos Zambrano
21%
$ 18,500,000GiantsBarry Zito
21%
$ 18,125,000MetsJason Bay
18%
$ 16,500,000YankeesA.J. Burnett
17%

Score Distribution

Percentile by Number Answered

Percent of People with Each Score

Your Score History

You have not taken this quiz since the last reset